[Event "Dieren op"]
[Site "Dieren"]
[Date "2017.07.26"]
[Round "2"]
[White "Tromp, Pieter"]
[Black "Ikonnikov, Vyacheslav"]
[Result "0-1"]
[WhiteElo "2114"]
[BlackElo "2538"]
[PlyCount "70"]
[EventDate "2017.07.25"]
[EventType "swiss"]
[EventRounds "9"]
[EventCountry "NED"]
[SourceTitle "CBM 179 Extra"]
[Source "ChessBase"]
[SourceDate "2017.08.23"]
[SourceVersion "1"]
[SourceVersionDate "2017.08.23"]
[SourceQuality "1"]

1. f4 Nf6 2. Nf3 c5 3. g3 g6 4. Bg2 Bg7 5. 0-0 0-0 6. d3 Nc6 7. c3 d6 8. Qe1 Rb8 9. Na3 b5 10. Nc2 b4 11. Bd2 a5 12. Ne3 Qc7 13. c4 Bb7 14. g4 Nd4 15. Rb1 e6 16. f5 exf5 17. gxf5 Rfe8 18. fxg6 hxg6 19. Nxd4 cxd4 20. Nc2 Bxg2 21. Kxg2 Ng4 22. h3 Ne5 23. Qf2 Nxc4 24. dxc4 Qxc4 25. Rbe1 Rb7 26. Nxb4 axb4 27. b3 Qc2 28. Qf3 Rbe7 29. Bxb4 d3 30. Bxd6 d2 31. Bxe7 dxe1Q 32. Rxe1 Rxe7 33. Qa8+ Kh7 34. Qa6 Qe4+ 35. Kg1 Bd4+ 0-1

[Event "Groningen Atlantis op"]
[Site "Groningen"]
[Date "2015.08.30"]
[Round "7"]
[White "De Boer, Bas"]
[Black "Tromp, Pieter"]
[Result "1/2-1/2"]
[WhiteElo "1854"]
[BlackElo "2135"]
[PlyCount "34"]
[EventDate "2015.08.27"]
[EventType "swiss"]
[EventRounds "7"]
[EventCountry "NED"]
[SourceTitle "EXT 2016"]
[Source "ChessBase"]
[SourceDate "2015.10.08"]
[SourceVersion "1"]
[SourceVersionDate "2015.10.08"]
[SourceQuality "1"]

1. d4 Nf6 2. c4 g6 3. Nc3 Bg7 4. e4 d6 5. Be2 0-0 6. Nf3 e5 7. Be3 exd4 8. Nxd4 Re8 9. f3 c6 10. Bf2 d5 11. exd5 cxd5 12. c5 Nh5 13. Qd2 Na6 14. Ndb5 d4 15. Nxd4 Nxc5 16. 0-0 Ne6 17. Rad1 Nxd4 1/2-1/2

[Event "Groningen Atlantis op"]
[Site "Groningen"]
[Date "2015.08.29"]
[Round "5"]
[White "Maatman, Nick"]
[Black "Tromp, Pieter"]
[Result "1/2-1/2"]
[WhiteElo "2266"]
[BlackElo "2135"]
[PlyCount "73"]
[EventDate "2015.08.27"]
[EventType "swiss"]
[EventRounds "7"]
[EventCountry "NED"]
[SourceTitle "EXT 2016"]
[Source "ChessBase"]
[SourceDate "2015.10.08"]
[SourceVersion "1"]
[SourceVersionDate "2015.10.08"]
[SourceQuality "1"]

1. d4 Nf6 2. c4 g6 3. Nc3 Bg7 4. e4 d6 5. Nf3 0-0 6. Be2 e5 7. 0-0 exd4 8. Nxd4 Re8 9. f3 c6 10. Kh1 Nbd7 11. Bg5 Qb6 12. Nb3 a5 13. Rb1 a4 14. Nd2 Qa5 15. Bf4 d5 16. cxd5 cxd5 17. Nxd5 Nxd5 18. Nc4 Qc5 19. exd5 Nf6 20. Bd6 Qb5 21. Bg3 Bf5 22. Ne3 Qd7 23. Nxf5 Qxf5 24. d6 Red8 25. Rc1 Nh5 26. Bh4 g5 27. Bf2 Qe6 28. Bc5 b6 29. Bc4 Qh6 30. Bf2 Rxd6 31. Qe2 Rad8 32. Rcd1 Be5 33. Rxd6 Qxd6 34. g3 Ng7 35. Re1 Bf6 36. Bb5 Qb4 37. Qc4 1/2-1/2

[Event "Groningen Atlantis op"]
[Site "Groningen"]
[Date "2015.08.29"]
[Round "4"]
[White "Tromp, Pieter"]
[Black "Hummel, Erik Jan"]
[Result "1/2-1/2"]
[WhiteElo "2135"]
[BlackElo "2301"]
[PlyCount "100"]
[EventDate "2015.08.27"]
[EventType "swiss"]
[EventRounds "7"]
[EventCountry "NED"]
[SourceTitle "EXT 2016"]
[Source "ChessBase"]
[SourceDate "2015.10.08"]
[SourceVersion "1"]
[SourceVersionDate "2015.10.08"]
[SourceQuality "1"]

1. d4 Nf6 2. c4 c5 3. d5 e6 4. Nc3 exd5 5. cxd5 d6 6. g3 g6 7. Bg2 Bg7 8. Nf3 0-0 9. 0-0 Re8 10. Nd2 a6 11. a4 Nbd7 12. Nc4 Ne5 13. Na3 Bd7 14. h3 Nh5 15. Ne4 Bf5 16. Nc3 Bd7 17. Ne4 Bf5 18. Nc3 b5 19. axb5 axb5 20. Ncxb5 Qd7 21. Kh2 Reb8 22. Nc3 Nc4 23. Nxc4 Rxa1 24. e4 Bxc3 25. bxc3 Rbb1 26. Qc2 Qb5 27. Nxd6 Qa6 28. exf5 Qxd6 29. Bf4 Qb6 30. Bc7 Qb5 31. c4 Qb4 32. Ba5 Qb8 33. Rxb1 Qxb1 34. Qxb1 Rxb1 35. d6 Rd1 36. fxg6 hxg6 37. Bc7 Nf6 38. Bc6 Rd4 39. h4 Kg7 40. Bb5 Kh6 41. f3 g5 42. hxg5+ Kxg5 43. Bb6 Rd2+ 44. Kh3 Rxd6 45. Bxc5 Rd3 46. Kg2 Kf5 47. Be7 Rd2+ 48. Kh3 Rf2 49. Bxf6 Kxf6 50. Bc6 Kg5 1/2-1/2

[Event "Groningen op-A"]
[Site "Groningen"]
[Date "2006.12.26"]
[Round "4"]
[White "Kleijn, Christov"]
[Black "Tromp, Pieter"]
[Result "1-0"]
[WhiteElo "2080"]
[BlackElo "1858"]
[PlyCount "83"]
[EventDate "2006.12.23"]
[EventType "swiss"]
[EventRounds "9"]
[EventCountry "NED"]
[SourceTitle "CBM 116 Extra"]
[Source "ChessBase"]
[SourceDate "2007.03.07"]
[SourceVersion "1"]
[SourceVersionDate "2007.03.07"]
[SourceQuality "1"]

1. e4 d5 2. exd5 Nf6 3. d4 Bg4 4. f3 Bf5 5. Bb5+ c6 6. dxc6 Qa5+ 7. Nc3 bxc6 8. Bd3 e6 9. Nge2 Bb4 10. 0-0 0-0 11. Be3 Rd8 12. Ne4 Nd5 13. Bf2 Nd7 14. c4 N5f6 15. a3 Be7 16. b4 Qc7 17. Nxf6+ Bxf6 18. Bxf5 exf5 19. Qc2 g6 20. Bg3 Qb7 21. Rab1 Qa6 22. a4 Nb6 23. b5 Qc8 24. a5 Nd7 25. Qa4 cxb5 26. Rxb5 Nf8 27. d5 Nd7 28. Bf2 a6 29. Rbb1 Nc5 30. Qa3 Be7 31. Nd4 Bd6 32. Qc3 Qc7 33. Nc6 Re8 34. g3 Nd7 35. c5 Be5 36. Nxe5 Nxe5 37. Bd4 Nd7 38. c6 Ne5 39. Bxe5 Rxe5 40. Rb7 Qd6 41. Rd7 Qf6 42. f4 1-0

[Event "Groningen op-A"]
[Site "Groningen"]
[Date "2006.12.24"]
[Round "2"]
[White "Pilgrim, Peter"]
[Black "Tromp, Pieter"]
[Result "0-1"]
[WhiteElo "2027"]
[BlackElo "1858"]
[PlyCount "106"]
[EventDate "2006.12.23"]
[EventType "swiss"]
[EventRounds "9"]
[EventCountry "NED"]
[SourceTitle "CBM 116 Extra"]
[Source "ChessBase"]
[SourceDate "2007.03.07"]
[SourceVersion "1"]
[SourceVersionDate "2007.03.07"]
[SourceQuality "1"]

1. e4 d5 2. Nc3 dxe4 3. Nxe4 Nc6 4. Bc4 Bf5 5. Ng3 Bg6 6. d3 e6 7. Nf3 Nf6 8. Bg5 Na5 9. Bb5+ c6 10. Ba4 b5 11. Bb3 Nxb3 12. axb3 Bb4+ 13. Bd2 Bc5 14. h3 Qd6 15. Qe2 0-0 16. 0-0 Qxg3 17. d4 Qd6 18. dxc5 Qxc5 19. Ne1 Ne4 20. Be3 Qe7 21. Nd3 e5 22. Ra6 c5 23. Rfa1 Rfc8 24. Ne1 Qb7 25. R1a5 c4 26. Rxa7 Rxa7 27. Rxa7 Qd5 28. bxc4 bxc4 29. Ra1 f5 30. Rd1 Qb7 31. Nf3 Qxb2 32. Rd5 Nc3 33. Qd2 Nxd5 34. Qxd5+ Bf7 35. Qd7 Qb1+ 36. Kh2 Qb8 37. Ba7 Qc7 38. Qxc7 Rxc7 39. Bb8 Re7 40. Bxe5 Bd5 41. Bd4 Bxf3 42. gxf3 Re2 43. c3 Rd2 44. Be5 Rxf2+ 45. Kg3 Re2 46. Bd4 Kf7 47. Kf4 g6 48. h4 h6 49. h5 gxh5 50. Kxf5 Rg2 51. Ke4 h4 52. f4 h3 53. Kf3 Rg8 0-1

[Event "Utrecht OKU op-B"]
[Site "Utrecht"]
[Date "2000.05.21"]
[Round "6"]
[White "Wiersma, Arno A"]
[Black "Tromp, Pieter"]
[Result "1-0"]
[WhiteElo "1726"]
[BlackElo "1579"]
[PlyCount "71"]
[EventDate "2000.05.??"]
[EventType "swiss"]
[EventRounds "6"]
[EventCountry "NED"]
[SourceTitle "EXT 2002"]
[Source "ChessBase"]
[SourceDate "2001.11.25"]
[SourceVersion "1"]
[SourceVersionDate "2001.11.25"]
[SourceQuality "1"]

1. d4 d5 2. c4 e6 3. Nc3 c6 4. Bf4 f5 5. c5 Be7 6. Nf3 Nf6 7. e3 0-0 8. h3 Ne4 9. Qc2 Bd7 10. Ne5 Bh4 11. g3 Be7 12. h4 Be8 13. f3 Nf6 14. 0-0-0 b6 15. cxb6 axb6 16. g4 fxg4 17. fxg4 c5 18. g5 Nh5 19. Bd3 cxd4 20. Bxh7+ Kh8 21. Ne2 Rxa2 22. Kb1 Na6 23. Ng6+ Bxg6 24. Qxg6 Nxf4 25. Nxf4 Rxb2+ 26. Kxb2 Qd6 27. Rd3 Qb4+ 28. Rb3 Qd2+ 29. Qc2 Qa5 30. Ng6+ Kxh7 31. Nxf8+ Kg8 32. Qh7+ Kxf8 33. Qh8+ Kf7 34. g6+ Kxg6 35. Rg1+ Kf5 36. Qh5+ 1-0

[Event "Utrecht OKU op-B"]
[Site "Utrecht"]
[Date "2000.05.20"]
[Round "3"]
[White "Tromp, Pieter"]
[Black "Hijweegen, Louis H"]
[Result "1/2-1/2"]
[WhiteElo "1579"]
[BlackElo "1727"]
[PlyCount "37"]
[EventDate "2000.05.??"]
[EventType "swiss"]
[EventRounds "6"]
[EventCountry "NED"]
[SourceTitle "EXT 2002"]
[Source "ChessBase"]
[SourceDate "2001.11.25"]
[SourceVersion "1"]
[SourceVersionDate "2001.11.25"]
[SourceQuality "1"]

1. d4 Nf6 2. Nf3 e6 3. e3 b6 4. Bd3 Bb7 5. Nbd2 c5 6. c3 Nc6 7. 0-0 Be7 8. e4 cxd4 9. cxd4 Nb4 10. Bb1 Ba6 11. Re1 Nd3 12. Re3 Nxc1 13. Qxc1 0-0 14. Qd1 Rc8 15. Bc2 Ng4 16. Rb3 Nf6 17. Rc1 Bb7 18. Qe2 Rc7 19. Qd3 1/2-1/2